00870nam a2200205 a 450000100060000000300090000600800410001502000150005604000280007108200150009911000450011424501100015926000560026930000080032550500890033365000660042265000650048865000430055365000680059620915CO-ViMGA141112s2004 ck r 000 u spa d a9586641562 aCO-ViMGAbspacCO-ViMGA04a769.1 B415 aBiblioteca Luis Ángel Arango, Bogotá10aGrabadores del inframundo : bJacques Callot, William Blake, Francisco de Goya, Honore - Victorin Daumier aBogotá : bBiblioteca Luis Ángel Arango, c2005 a75p aCallot y el icono de la guerra 9 - - Goya en dos palabras 33 - - Lista de obras 67 14aBLAKE WILLIAM, 1757 - 1827 - GRABADOS DE PINTRUAS - CATALOGOS14aCALLOT, JACQUES, 1592 - 1435 - GRABADOS ESPECIALES CATALOGOS14aDAUMIER HONORE, 1808 - 1879 - GRABADOS14aGOYA, FRANCISCO DE, 1746 - 1828 - GRABADOS ESPECIALES CATALOGOS